00830nam a22001937a 4500952016200000999001700162003000900179005001700188008004100205040002300246082001300269245018000282260005300462300002600515650002000541650003800561700002500599942001200624 00102ddc40708NFICaASLbASLcSICd2020-11-24eDonated by Professor Sirajul Islam, FRHShV-2l0o203 GAEp102666r2020-11-24 00:00:00tC-1w2020-11-24yBK c19350d19350BDDh-ASL20231015025757.0201124s1999 ||||| |||| 00| 0 eng d aBDDh-ASLcBDDh-ASL a203bGAE00aEncyclopaedia of Faiths and Religions of the World, Volume II: C-D :bAn indepth study of all religions and religious sects, their doctrinesk, rites, ceremonies and customs /  aNew Delhi: bAryan Books International, c1999.  a413-784 p. :c25 cm.  092221aReligions 092222aEncyclopaediavEncyclopedia1 92220aGardner, James 2ddccBK